[Event "HUN-chT2 Szechenyi 1819"]
[Site "Hungary"]
[Date "2019.04.28"]
[Round "9.7"]
[White "Biskopics, Marton"]
[Black "Plecsko, Zoltan"]
[Result "1/2-1/2"]
[WhiteElo "1969"]
[BlackElo "1931"]
[PlyCount "21"]
[EventDate "2018.10.28"]
[EventType "team-tourn"]
[EventRounds "9"]
[EventCountry "HUN"]
[SourceTitle "EXT 2021"]
[Source "ChessBase"]
[SourceDate "2020.10.23"]
[SourceVersion "1"]
[SourceVersionDate "2020.10.23"]
[SourceQuality "1"]
[WhiteTeam "Keszthely Spartacus"]
[BlackTeam "Csuti Baki Agrocentrum"]
[WhiteTeamCountry "HUN"]
[BlackTeamCountry "HUN"]

1. c4 c5 2. g3 g6 3. Bg2 Bg7 4. Nc3 Nc6 5. e4 e5 6. Nge2 Nge7 7. d3 0-0 8. 0-0 d6 9. Be3 Nd4 10. f4 f5 11. Qd2 1/2-1/2

[Event "HUN-chT2 Szechenyi 1819"]
[Site "Hungary"]
[Date "2019.03.10"]
[Round "7.9"]
[White "Szabo Thomka, Daniel"]
[Black "Plecsko, Zoltan"]
[Result "1-0"]
[WhiteElo "1849"]
[BlackElo "1931"]
[PlyCount "61"]
[EventDate "2018.10.28"]
[EventType "team-tourn"]
[EventRounds "9"]
[EventCountry "HUN"]
[SourceTitle "EXT 2021"]
[Source "ChessBase"]
[SourceDate "2020.10.23"]
[SourceVersion "1"]
[SourceVersionDate "2020.10.23"]
[SourceQuality "1"]
[WhiteTeam "Gyor Szechenyi II"]
[BlackTeam "Csuti Baki Agrocentrum"]
[WhiteTeamCountry "HUN"]
[BlackTeamCountry "HUN"]

1. e4 d6 2. d4 Nf6 3. Nc3 g6 4. Be2 Bg7 5. Be3 c6 6. Qd2 b5 7. Bf3 Bb7 8. Bh6 Bxh6 9. Qxh6 Qa5 10. Nge2 b4 11. Nd1 Nbd7 12. 0-0 Qc7 13. Ne3 c5 14. d5 Ne5 15. Nf4 Nxf3+ 16. gxf3 0-0-0 17. a3 a5 18. axb4 axb4 19. c3 bxc3 20. bxc3 Nd7 21. Qh3 g5 22. Nd3 h5 23. Rfb1 g4 24. fxg4 hxg4 25. Qg3 Nf6 26. Ra7 Rdg8 27. Qg2 Rh7 28. Raxb7 Qxb7 29. Rxb7 Kxb7 30. e5 Nd7 31. Nf5 1-0

[Event "HUN-chT2 Szechenyi 1516"]
[Site "Hungary"]
[Date "2016.04.03"]
[Round "10.5"]
[White "Plecsko, Zoltan"]
[Black "Toth, Daniel"]
[Result "0-1"]
[WhiteElo "1957"]
[BlackElo "2155"]
[PlyCount "58"]
[EventDate "2015.09.13"]
[EventType "team-tourn"]
[EventRounds "11"]
[EventCountry "HUN"]
[SourceTitle "EXT 2017"]
[Source "ChessBase"]
[SourceDate "2016.10.25"]
[SourceVersion "1"]
[SourceVersionDate "2016.10.25"]
[SourceQuality "1"]
[WhiteTeam "Csuti Baki Agrocentrum"]
[BlackTeam "Keszthely Spartacus"]
[WhiteTeamCountry "HUN"]
[BlackTeamCountry "HUN"]

1. e4 Nf6 2. e5 Nd5 3. d4 d6 4. Nf3 Bg4 5. Be2 e6 6. 0-0 Be7 7. c4 Nb6 8. exd6 cxd6 9. Nc3 0-0 10. Be3 Nc6 11. b3 d5 12. c5 Nc8 13. a3 Bf6 14. Ra2 N8e7 15. b4 Nf5 16. Rd2 Nce7 17. Bf4 Bxf3 18. Bxf3 Nc6 19. Be3 b6 20. Bg4 Nxe3 21. fxe3 bxc5 22. bxc5 Qa5 23. Qc1 Rab8 24. Bd1 Bg5 25. Rf3 e5 26. Nxd5 exd4 27. Rg3 h6 28. Bc2 Rfd8 29. Be4 dxe3 0-1

[Event "HUN-chT2 Szechenyi 1516"]
[Site "Hungary"]
[Date "2015.12.06"]
[Round "6.5"]
[White "Balogh, Tibor"]
[Black "Plecsko, Zoltan"]
[Result "1/2-1/2"]
[WhiteElo "1855"]
[BlackElo "1957"]
[PlyCount "27"]
[EventDate "2015.09.13"]
[EventType "team-tourn"]
[EventRounds "11"]
[EventCountry "HUN"]
[SourceTitle "CBM 170 Extra"]
[Source "ChessBase"]
[SourceDate "2016.02.25"]
[SourceVersion "1"]
[SourceVersionDate "2016.02.25"]
[SourceQuality "1"]
[WhiteTeam "Szechenyi ESE"]
[BlackTeam "Csuti Baki Agrocentrum"]
[WhiteTeamCountry "HUN"]
[BlackTeamCountry "HUN"]

1. d4 d5 2. c4 dxc4 3. Nc3 e5 4. d5 c6 5. e4 Nf6 6. Bg5 Bb4 7. Bxf6 Qxf6 8. Bxc4 0-0 9. Qf3 Qg6 10. h3 cxd5 11. Bxd5 Nc6 12. Bxc6 bxc6 13. Nge2 Ba6 14. 0-0 1/2-1/2

[Event "HUN-chT2 Szechenyi 1516"]
[Site "Hungary"]
[Date "2015.10.04"]
[Round "2.7"]
[White "Katona, Janos"]
[Black "Plecsko, Zoltan"]
[Result "1/2-1/2"]
[WhiteElo "1902"]
[BlackElo "1957"]
[PlyCount "28"]
[EventDate "2015.09.13"]
[EventType "team-tourn"]
[EventRounds "11"]
[EventCountry "HUN"]
[SourceTitle "CBM 170 Extra"]
[Source "ChessBase"]
[SourceDate "2016.02.25"]
[SourceVersion "1"]
[SourceVersionDate "2016.02.25"]
[SourceQuality "1"]
[WhiteTeam "Sarvar"]
[BlackTeam "Csuti Baki Agrocentrum"]
[WhiteTeamCountry "HUN"]
[BlackTeamCountry "HUN"]

1. d4 d5 2. c4 dxc4 3. e4 c5 4. d5 Nf6 5. Nc3 e6 6. Bxc4 exd5 7. exd5 a6 8. Bg5 Be7 9. Bxf6 Bxf6 10. a4 0-0 11. Nge2 Nd7 12. 0-0 Ne5 13. Bb3 Ng6 14. Bc2 Re8 1/2-1/2

[Event "HUN-chT2 Szechenyi 1415"]
[Site "Hungary"]
[Date "2014.12.14"]
[Round "6.8"]
[White "Plecsko, Zoltan"]
[Black "Toth, Laszlo"]
[Result "0-1"]
[WhiteElo "2005"]
[BlackElo "1768"]
[PlyCount "76"]
[EventDate "2014.09.07"]
[EventType "team-tourn"]
[EventRounds "11"]
[EventCountry "HUN"]
[SourceTitle "EXT 2016"]
[Source "ChessBase"]
[SourceDate "2015.10.08"]
[SourceVersion "1"]
[SourceVersionDate "2015.10.08"]
[SourceQuality "1"]
[WhiteTeam "Csuti"]
[BlackTeam "Zala Volan"]
[WhiteTeamCountry "HUN"]
[BlackTeamCountry "HUN"]

1. Nf3 Nf6 2. g3 d5 3. Bg2 c6 4. c4 e6 5. 0-0 g6 6. d4 Bg7 7. Nc3 Nbd7 8. b3 0-0 9. Bb2 h6 10. Qd3 Re8 11. Rad1 Nh7 12. e4 dxe4 13. Nxe4 Ndf6 14. Nc3 Qc7 15. Rfe1 Bd7 16. Ne5 Red8 17. h4 Be8 18. Qf3 Nd7 19. Nxd7 Rxd7 20. Ne4 b6 21. c5 Rad8 22. Qe3 bxc5 23. Nxc5 Rd6 24. Qf4 g5 25. hxg5 hxg5 26. Qg4 f5 27. Qe2 Bf7 28. Qc2 g4 29. Nd3 Ng5 30. Nf4 Nf3+ 31. Bxf3 gxf3 32. Qc3 e5 33. Nh3 e4 34. Ng5 Bd5 35. Nh3 Rh6 36. Nf4 Qf7 37. Bc1 Rh7 38. Qc5 Bh6 0-1

[Event "HUN-chT2 Szechenyi 1314"]
[Site "Hungary"]
[Date "2013.10.20"]
[Round "3.7"]
[White "Kovacs, Dezso"]
[Black "Plecsko, Zoltan"]
[Result "1/2-1/2"]
[WhiteElo "1924"]
[BlackElo "2012"]
[PlyCount "22"]
[EventDate "2013.09.08"]
[EventType "team-tourn"]
[EventRounds "11"]
[EventCountry "HUN"]
[SourceTitle "EXT 2016"]
[Source "ChessBase"]
[SourceDate "2015.10.08"]
[SourceVersion "1"]
[SourceVersionDate "2015.10.08"]
[SourceQuality "1"]
[WhiteTeam "Lovo"]
[BlackTeam "Baki Agrocentrum"]
[WhiteTeamCountry "HUN"]
[BlackTeamCountry "HUN"]

1. c4 e5 2. Nc3 d6 3. g3 Nc6 4. Bg2 g6 5. d3 Bg7 6. e4 Nge7 7. Nge2 0-0 8. 0-0 Be6 9. h3 Qd7 10. Kh2 f5 11. f4 h6 1/2-1/2

[Event "HUN-chT2 Szechenyi 1314"]
[Site "Hungary"]
[Date "2013.09.08"]
[Round "1.6"]
[White "Plecsko, Zoltan"]
[Black "Nemeth, Jozsef"]
[Result "1/2-1/2"]
[WhiteElo "2012"]
[BlackElo "2099"]
[PlyCount "27"]
[EventDate "2013.09.08"]
[EventType "team-tourn"]
[EventRounds "11"]
[EventCountry "HUN"]
[SourceTitle "EXT 2016"]
[Source "ChessBase"]
[SourceDate "2015.10.08"]
[SourceVersion "1"]
[SourceVersionDate "2015.10.08"]
[SourceQuality "1"]
[WhiteTeam "Baki Agrocentrum"]
[BlackTeam "Zala Volan"]
[WhiteTeamCountry "HUN"]
[BlackTeamCountry "HUN"]

1. Nf3 d5 2. g3 Nf6 3. Bg2 Bg4 4. c4 c6 5. cxd5 cxd5 6. Ne5 Bh5 7. Qb3 Qc7 8. Qc3 Nc6 9. Nxc6 Qxc6 10. Qxc6+ bxc6 11. d4 e6 12. Nc3 Be7 13. 0-0 0-0 14. Bf4 1/2-1/2

[Event "HUN-chT2 Szechenyi 1112"]
[Site "Hungary"]
[Date "2012.05.06"]
[Round "10.1"]
[White "Sardy, Peter"]
[Black "Plecsko, Zoltan"]
[Result "1-0"]
[WhiteElo "2360"]
[BlackElo "2063"]
[PlyCount "115"]
[EventDate "2011.09.25"]
[EventType "team-tourn"]
[EventRounds "11"]
[EventCountry "HUN"]
[SourceTitle "EXT 2013"]
[Source "ChessBase"]
[SourceDate "2012.11.22"]
[SourceVersion "1"]
[SourceVersionDate "2012.11.22"]
[SourceQuality "1"]
[WhiteTeam "Lovo"]
[BlackTeam "Zalaegerszeg"]
[WhiteTeamCountry "HUN"]
[BlackTeamCountry "HUN"]

1. e4 d5 2. exd5 Qxd5 3. Nc3 Qa5 4. g3 Nf6 5. Bg2 c6 6. Nge2 e5 7. 0-0 Be7 8. d4 exd4 9. Nxd4 0-0 10. Bd2 Qb6 11. Nb3 Bg4 12. Qc1 Nbd7 13. h3 Be6 14. Rd1 Rfe8 15. Be3 Qc7 16. Nd4 Bc5 17. Bf4 Qc8 18. Nxe6 fxe6 19. Qd2 Nb6 20. Bg5 Rd8 21. Qe2 Rxd1+ 22. Rxd1 Qe8 23. Bxf6 gxf6 24. Qg4+ Kh8 25. Ne4 f5 26. Qf4 Bf8 27. Ng5 Bg7 28. Re1 e5 29. Qxf5 Qg6 30. Qxg6 hxg6 31. b3 Kg8 32. Ne6 Bf6 33. Nc5 Rb8 34. a4 a5 35. Be4 Kf7 36. Rd1 Be7 37. Nd3 Kf6 38. Ne1 Rd8 39. Rxd8 Bxd8 40. h4 Nd5 41. Kg2 Nc3 42. f3 Bb6 43. Nd3 Ne2 44. Nf2 Bd4 45. Bd3 Nc3 46. Be4 Ne2 47. Nh3 Nc3 48. Kf1 Nd5 49. Bxd5 cxd5 50. Ke2 Bb6 51. Kd3 Bc7 52. g4 Bb6 53. c4 Ke6 54. Ng5+ Kd6 55. cxd5 Kxd5 56. Ne4 Bd8 57. h5 gxh5 58. gxh5 1-0

[Event "HUN-chT2 Szechenyi 1112"]
[Site "Hungary"]
[Date "2011.11.27"]
[Round "4.7"]
[White "Plecsko, Zoltan"]
[Black "Szittar, Antal"]
[Result "1/2-1/2"]
[WhiteElo "2063"]
[BlackElo "2001"]
[PlyCount "29"]
[EventDate "2011.09.25"]
[EventType "team-tourn"]
[EventRounds "11"]
[EventCountry "HUN"]
[SourceTitle "EXT 2013"]
[Source "ChessBase"]
[SourceDate "2012.11.22"]
[SourceVersion "1"]
[SourceVersionDate "2012.11.22"]
[SourceQuality "1"]
[WhiteTeam "Zalaegerszeg"]
[BlackTeam "Keszthely"]
[WhiteTeamCountry "HUN"]
[BlackTeamCountry "HUN"]

1. Nf3 Nf6 2. g3 c5 3. Bg2 Nc6 4. d4 e6 5. 0-0 d5 6. c4 cxd4 7. Nxd4 Qb6 8. Nxc6 bxc6 9. cxd5 cxd5 10. Nc3 Bb7 11. Be3 Qa6 12. Na4 Rc8 13. b3 Be7 14. Qd4 0-0 15. Rfc1 1/2-1/2

[Event "HUN-chT2 Szechenyi 1112"]
[Site "Hungary"]
[Date "2011.10.30"]
[Round "2.7"]
[White "Plecsko, Zoltan"]
[Black "Makk, Norbert"]
[Result "1/2-1/2"]
[WhiteElo "2063"]
[BlackElo "1969"]
[PlyCount "89"]
[EventDate "2011.09.25"]
[EventType "team-tourn"]
[EventRounds "11"]
[EventCountry "HUN"]
[SourceTitle "EXT 2013"]
[Source "ChessBase"]
[SourceDate "2012.11.22"]
[SourceVersion "1"]
[SourceVersionDate "2012.11.22"]
[SourceQuality "1"]
[WhiteTeam "Zalaegerszeg"]
[BlackTeam "Alsoszolnok"]
[WhiteTeamCountry "HUN"]
[BlackTeamCountry "HUN"]

1. Nf3 d5 2. g3 Nf6 3. Bg2 c5 4. d4 Nc6 5. 0-0 cxd4 6. Nxd4 e5 7. Nxc6 bxc6 8. c4 Be7 9. Nc3 e4 10. cxd5 cxd5 11. Bg5 Be6 12. Qd2 Qd7 13. Rad1 Rd8 14. Qc2 Qc6 15. Be3 a6 16. Qa4 Qxa4 17. Nxa4 Rc8 18. Rc1 0-0 19. Nc5 Bxc5 20. Bxc5 Rfd8 21. Be7 Re8 22. Bxf6 gxf6 23. e3 Kf8 24. Rfe1 Ke7 25. Kf1 f5 26. Ke2 Red8 27. Rxc8 Rxc8 28. Kd2 Kd6 29. Rc1 Rb8 30. b3 Rb4 31. Kc3 a5 32. Rd1 Rb5 33. Rd4 Rc5+ 34. Kb2 Bd7 35. Bf1 Ke5 36. a3 Rc7 37. Be2 Rb7 38. Bh5 Bb5 39. Bd1 Rb6 40. Bc2 Rh6 41. h4 Rf6 42. Rd2 Rb6 43. Rd4 Rf6 44. Rd2 Rb6 45. Rd4 1/2-1/2

[Event "HUN-chT2 Charousek 1011"]
[Site "Hungary"]
[Date "2011.03.27"]
[Round "7"]
[White "Jamrich, Gyorgy"]
[Black "Plecsko, Zoltan"]
[Result "0-1"]
[WhiteElo "2301"]
[BlackElo "2084"]
[PlyCount "116"]
[EventDate "2010.09.12"]
[EventType "team-tourn"]
[EventRounds "11"]
[EventCountry "HUN"]
[SourceTitle "EXT 2012"]
[Source "ChessBase"]
[SourceDate "2011.11.24"]
[SourceVersion "1"]
[SourceVersionDate "2011.11.24"]
[SourceQuality "1"]
[WhiteTeam "Tatai Honved"]
[BlackTeam "Csuti II"]
[WhiteTeamCountry "HUN"]
[BlackTeamCountry "HUN"]

1. e4 d5 2. exd5 Qxd5 3. Nc3 Qa5 4. d4 Nf6 5. Bc4 c6 6. Nge2 Bf5 7. 0-0 e6 8. Bf4 Be7 9. a3 0-0 10. b4 Qd8 11. Bd3 Bg6 12. Bxg6 hxg6 13. Qd3 Nbd7 14. Ne4 Nxe4 15. Qxe4 Nb6 16. c3 Qd5 17. Qc2 Qf5 18. Qc1 g5 19. Bd2 Nc4 20. Ng3 Qd5 21. f3 a5 22. Rb1 axb4 23. axb4 Ra2 24. Be1 Bd6 25. Ra1 Rfa8 26. Rxa2 Rxa2 27. Qb1 Na3 28. Qd3 Nc4 29. Ne4 Bf4 30. Bf2 f5 31. g3 Ne5 32. Qd1 Nxf3+ 33. Qxf3 fxe4 34. Qh5 e3 35. gxf4 exf2+ 36. Rxf2 Ra1+ 37. Rf1 Rxf1+ 38. Kxf1 gxf4 39. Qh3 Qe4 40. Kf2 Qc2+ 41. Kf1 Kf7 42. Qh5+ Qg6 43. Qe5 Qd3+ 44. Kf2 Qd2+ 45. Kf1 Qd1+ 46. Kf2 Qd2+ 47. Kf1 Qxh2 48. b5 cxb5 49. Qc7+ Kf6 50. Qe5+ Kf7 51. Qc7+ Kg6 52. Qxb7 Qh3+ 53. Kf2 Qe3+ 54. Kf1 Qd3+ 55. Kf2 Qg3+ 56. Kf1 f3 57. Qxb5 Qg2+ 58. Ke1 f2+ 0-1

[Event "HUN-chT2 Szechenyi 1011"]
[Site "Hungary"]
[Date "2010.10.24"]
[Round "4.7"]
[White "Lejer, Sandor"]
[Black "Plecsko, Zoltan"]
[Result "1-0"]
[WhiteElo "2000"]
[BlackElo "2084"]
[PlyCount "99"]
[EventDate "2010.09.12"]
[EventType "team-tourn"]
[EventRounds "11"]
[EventCountry "HUN"]
[SourceTitle "EXT 2012"]
[Source "ChessBase"]
[SourceDate "2011.11.24"]
[SourceVersion "1"]
[SourceVersionDate "2011.11.24"]
[SourceQuality "1"]
[WhiteTeam "Lovo"]
[BlackTeam "Baki Agrocentrum"]
[WhiteTeamCountry "HUN"]
[BlackTeamCountry "HUN"]

1. Nf3 Nf6 2. d4 d5 3. e3 c5 4. Be2 e6 5. 0-0 Nbd7 6. b3 Be7 7. Bb2 0-0 8. Nbd2 b6 9. Ne5 Bb7 10. Ndf3 Nxe5 11. Nxe5 Nd7 12. Nxd7 Qxd7 13. Bf3 Bf6 14. Rc1 Rac8 15. Qe2 Rfd8 16. Rfd1 c4 17. c3 a5 18. Ba3 h6 19. h3 Rc7 20. Rb1 Ba6 21. Qd2 Rb8 22. Be2 Bb5 23. Rdc1 cxb3 24. Bxb5 Qxb5 25. Bd6 Qc6 26. Bxc7 Qxc7 27. axb3 Be7 28. c4 Bb4 29. Qd3 Qd6 30. cxd5 Qxd5 31. Rc2 g6 32. Rbc1 Rd8 33. Rc6 e5 34. Rxb6 exd4 35. Rb5 Qd6 36. e4 Re8 37. Rd1 Qf4 38. Qxd4 Qxe4 39. Rb8 Qe7 40. Rxe8+ Qxe8 41. Qf6 Bf8 42. Qb6 Qe5 43. Qd8 Qb5 44. Qd5 Qb6 45. Rd4 Qc5 46. Qxc5 Bxc5 47. Rd5 Bb4 48. Kf1 Kf8 49. Rd7 Ke8 50. Rb7 1-0

[Event "HUN-chT2 Charousek 1011"]
[Site "Hungary"]
[Date "2010.09.12"]
[Round "1"]
[White "Fur, Katinka"]
[Black "Plecsko, Zoltan"]
[Result "1/2-1/2"]
[WhiteElo "2019"]
[BlackElo "2084"]
[PlyCount "54"]
[EventDate "2010.09.12"]
[EventType "team-tourn"]
[EventRounds "11"]
[EventCountry "HUN"]
[SourceTitle "EXT 2012"]
[Source "ChessBase"]
[SourceDate "2011.11.24"]
[SourceVersion "1"]
[SourceVersionDate "2011.11.24"]
[SourceQuality "1"]
[WhiteTeam "Balatonfuered"]
[BlackTeam "Csuti II"]
[WhiteTeamCountry "HUN"]
[BlackTeamCountry "HUN"]

1. d4 d5 2. Nf3 Nf6 3. c4 dxc4 4. e3 e6 5. Bxc4 c5 6. 0-0 a6 7. a4 Nc6 8. Nc3 cxd4 9. Nxd4 Bd7 10. Nce2 Qc7 11. Bd3 Bd6 12. h3 0-0 13. Bd2 Rac8 14. Rc1 Qb6 15. Bc3 Nb4 16. Bb1 Rfd8 17. b3 Bc5 18. Qe1 Nfd5 19. Bb2 Bd6 20. Rxc8 Rxc8 21. Qd2 Rd8 22. Rc1 Nf6 23. Qe1 Nc6 24. Bc2 Nb4 25. Bb1 Nc6 26. Bc2 Nb4 27. Bb1 Nc6 1/2-1/2

[Event "HUN-chT2 Szechenyi 0910"]
[Site "Hungary"]
[Date "2010.03.07"]
[Round "6.4"]
[White "Frank, Jozsef1111"]
[Black "Plecsko, Zoltan"]
[Result "1-0"]
[WhiteElo "2188"]
[BlackElo "2068"]
[PlyCount "145"]
[EventDate "2009.11.08"]
[EventType "team-tourn"]
[EventRounds "11"]
[EventCountry "HUN"]
[SourceTitle "EXT 2011"]
[Source "ChessBase"]
[SourceDate "2010.11.26"]
[SourceVersion "1"]
[SourceVersionDate "2010.11.26"]
[SourceQuality "1"]
[WhiteTeam "Gyor Elektromos"]
[BlackTeam "Baki Agrocentrum"]
[WhiteTeamCountry "HUN"]
[BlackTeamCountry "HUN"]

1. e4 d5 2. exd5 Qxd5 3. Nc3 Qa5 4. h3 Nf6 5. d4 Bf5 6. Nf3 e6 7. Bd3 c6 8. 0-0 Bb4 9. Ne2 Bxd3 10. Qxd3 0-0 11. Bg5 Nbd7 12. c4 Be7 13. a3 e5 14. Nc3 exd4 15. Qxd4 Qf5 16. Rfe1 Rfe8 17. Rad1 Bc5 18. Qd2 h6 19. Bh4 Ne5 20. Nxe5 Rxe5 21. b4 Bb6 22. Rxe5 Qxe5 23. c5 Rd8 24. Qc1 Rxd1+ 25. Qxd1 Qxc3 26. cxb6 axb6 27. Qd8+ Kh7 28. Qxb6 g5 29. Bg3 Qxa3 30. Qxb7 Qc1+ 31. Kh2 Kg6 32. Qe7 Qc4 33. Be5 Qe6 34. Qxe6 fxe6 35. g4 Nd7 36. Bd6 e5 37. f3 Kf6 38. Kg3 Ke6 39. Bc7 Nf8 40. h4 Kf6 41. Bd8+ Kg6 42. h5+ Kf7 43. Kf2 Ne6 44. Bb6 Nf4 45. Ba5 Ke6 46. Ke3 Kd5 47. Bd8 Ke6 48. Ke4 Nd5 49. Ba5 Nf6+ 50. Kd3 Kd5 51. Bd8 Nd7 52. Be7 Ke6 53. Bd8 Kd5 54. Ke3 Nf8 55. Bf6 Ne6 56. Bh8 Nd8 57. Bg7 Nf7 58. Bf8 Ke6 59. Ke4 Kf6 60. Kd3 Ke6 61. Kc4 e4 62. fxe4 Ne5+ 63. Kd4 Nxg4 64. Kc5 Kd7 65. Bg7 Nf2 66. Kd4 Ng4 67. Kc4 Kd6 68. Kd4 Ke6 69. Kc5 Kd7 70. e5 Nf2 71. Bxh6 Nd3+ 72. Kd4 Nxb4 73. Bxg5 1-0

[Event "HUN-chT2 Szechenyi 0809"]
[Site "Hungary"]
[Date "2008.10.26"]
[Round "1.5"]
[White "Gyarmati, Janos"]
[Black "Plecsko, Zoltan"]
[Result "1/2-1/2"]
[WhiteElo "2041"]
[BlackElo "2051"]
[PlyCount "22"]
[EventDate "2008.10.26"]
[EventType "team-tourn"]
[EventRounds "11"]
[EventCountry "HUN"]
[SourceTitle "EXT 2010"]
[Source "ChessBase"]
[SourceDate "2010.11.25"]
[SourceVersion "1"]
[SourceVersionDate "2010.11.25"]
[SourceQuality "1"]
[WhiteTeam "Tapolca II"]
[BlackTeam "Baki Agrocentrum"]
[WhiteTeamCountry "HUN"]
[BlackTeamCountry "HUN"]

1. e4 d5 2. exd5 Qxd5 3. Nc3 Qa5 4. d4 Nf6 5. Bd2 c6 6. h3 Qb6 7. Bc1 Bf5 8. Nf3 e6 9. a3 Nbd7 10. Bd3 Bxd3 11. Qxd3 Be7 1/2-1/2

[Event "HUN-chT2 Charousek 0607"]
[Site "Hungary"]
[Date "2007.05.20"]
[Round "11"]
[White "Plecsko, Zoltan"]
[Black "Rosta, Sandor"]
[Result "1/2-1/2"]
[WhiteElo "2077"]
[BlackElo "2217"]
[PlyCount "31"]
[EventDate "2006.11.12"]
[EventType "team"]
[EventRounds "11"]
[EventCountry "HUN"]
[SourceTitle "EXT 2008"]
[Source "ChessBase"]
[SourceDate "2007.11.25"]
[SourceVersion "1"]
[SourceVersionDate "2007.11.25"]
[SourceQuality "1"]
[WhiteTeam "Csuti II"]
[BlackTeam "Tapolca"]
[WhiteTeamCountry "HUN"]
[BlackTeamCountry "HUN"]

1. Nf3 Nf6 2. g3 d6 3. d4 c5 4. dxc5 Qa5+ 5. Nc3 Qxc5 6. Bg2 g6 7. 0-0 a6 8. Bg5 Nbd7 9. a3 Bg7 10. Qd2 0-0 11. Rad1 Rb8 12. Bh6 b5 13. Bxg7 Kxg7 14. Qd4 Qxd4 15. Nxd4 Bb7 16. h3 1/2-1/2

[Event "HUN-chT2 Charousek 0607"]
[Site "Hungary"]
[Date "2007.03.04"]
[Round "6"]
[White "Plecsko, Zoltan"]
[Black "Fodor, Tamas Sr"]
[Result "1-0"]
[WhiteElo "2077"]
[BlackElo "2022"]
[PlyCount "69"]
[EventDate "2006.11.12"]
[EventType "team"]
[EventRounds "11"]
[EventCountry "HUN"]
[SourceTitle "EXT 2008"]
[Source "ChessBase"]
[SourceDate "2007.11.25"]
[SourceVersion "1"]
[SourceVersionDate "2007.11.25"]
[SourceQuality "1"]
[WhiteTeam "Csuti II"]
[BlackTeam "Paks II"]
[WhiteTeamCountry "HUN"]
[BlackTeamCountry "HUN"]

1. Nf3 Nf6 2. b3 e6 3. Bb2 Be7 4. e3 0-0 5. Be2 c5 6. 0-0 Nc6 7. c4 b6 8. Nc3 Bb7 9. d4 cxd4 10. exd4 d5 11. Rc1 Rc8 12. h3 a6 13. Qd3 Na5 14. Ne5 Rc7 15. Rfd1 Bd6 16. Na4 dxc4 17. bxc4 Rc8 18. c5 Bc7 19. cxb6 Bxb6 20. Rxc8 Bxc8 21. Ba3 Re8 22. Nxb6 Qxb6 23. Rb1 Qc7 24. Bc5 Nc6 25. Nxc6 Qxc6 26. Qa3 Nd5 27. Bf3 Qd7 28. Bd1 Nc7 29. Qa5 e5 30. Ba4 Qf5 31. Rb8 Nb5 32. Bxb5 axb5 33. Qxb5 Rd8 34. Be7 Qf4 35. Qc6 1-0

[Event "HUN-chT2 Charousek 0506"]
[Site "Hungary"]
[Date "2006.03.19"]
[Round "9"]
[White "Guzs, Laszlo"]
[Black "Plecsko, Zoltan"]
[Result "1/2-1/2"]
[WhiteElo "2113"]
[BlackElo "2124"]
[PlyCount "49"]
[EventDate "2005.10.16"]
[EventType "team"]
[EventRounds "11"]
[EventCountry "HUN"]
[SourceTitle "EXT 2009"]
[Source "ChessBase"]
[SourceDate "2008.11.26"]
[SourceVersion "1"]
[SourceVersionDate "2008.11.26"]
[SourceQuality "1"]
[WhiteTeam "Gyor Elektromos"]
[BlackTeam "Csuti II"]
[WhiteTeamCountry "HUN"]
[BlackTeamCountry "HUN"]

1. d4 d5 2. Nf3 Nf6 3. c4 dxc4 4. Nc3 c6 5. a4 Bf5 6. e3 e6 7. Bxc4 Bb4 8. 0-0 0-0 9. Qb3 Qb6 10. Bd2 Bxc3 11. Bxc3 Qxb3 12. Bxb3 Nbd7 13. Rfd1 h6 14. h3 Rfc8 15. Nd2 Ne4 16. f3 Nxc3 17. bxc3 Bd3 18. c4 Bg6 19. e4 e5 20. d5 Nc5 21. Rac1 Rd8 22. g4 f6 23. Rc3 Be8 24. Ra1 Kf8 25. Nf1 1/2-1/2

[Event "HUN-chT2 Charousek 0506"]
[Site "Hungary"]
[Date "2006.01.21"]
[Round "3"]
[White "Fodor, Tamas Sr"]
[Black "Plecsko, Zoltan"]
[Result "1/2-1/2"]
[WhiteElo "2002"]
[BlackElo "2124"]
[PlyCount "121"]
[EventDate "2005.10.16"]
[EventType "team"]
[EventRounds "11"]
[EventCountry "HUN"]
[SourceTitle "EXT 2009"]
[Source "ChessBase"]
[SourceDate "2008.11.26"]
[SourceVersion "1"]
[SourceVersionDate "2008.11.26"]
[SourceQuality "1"]
[WhiteTeam "Paks II"]
[BlackTeam "Csuti II"]
[WhiteTeamCountry "HUN"]
[BlackTeamCountry "HUN"]

1. d4 d5 2. c4 dxc4 3. Nf3 Nf6 4. Nc3 a6 5. a4 e6 6. Bg5 Be7 7. e3 Nbd7 8. Bxc4 h6 9. Bh4 Nb6 10. Ba2 Nbd5 11. 0-0 Nb4 12. Bb3 b6 13. Rc1 Bb7 14. Ne5 0-0 15. Qe2 Ne4 16. Bxe7 Qxe7 17. f3 Nf6 18. Nd1 Rac8 19. Nf2 c5 20. dxc5 Rxc5 21. Nc4 Qc7 22. Qd2 a5 23. Na3 Rc8 24. Rxc5 Qxc5 25. Rd1 Ba6 26. h3 h5 27. Nb1 Nfd5 28. Re1 Nc2 29. Ne4 Qb4 30. Qxb4 Ndxb4 31. Rc1 Nxe3 32. Rxc8+ Bxc8 33. Kf2 Nf5 34. Bc4 Bd7 35. Nbc3 Kf8 36. g4 hxg4 37. hxg4 Nd4 38. f4 Ke7 39. Ke3 Ndc6 40. g5 Nd8 41. Bb5 Nb7 42. Bxd7 Kxd7 43. Kd4 Kc6 44. Nb5 Nd5 45. Ke5 Kd7 46. f5 Nd8 47. fxe6+ fxe6 48. Kd4 Nc6+ 49. Kd3 Ne5+ 50. Kd4 Nf3+ 51. Kd3 Nb4+ 52. Ke3 Ne5 53. Kd4 Ned3 54. b3 Nf4 55. Nbd6 Na6 56. Nc4 Nd5 57. Ne5+ Ke7 58. Nc6+ Kd7 59. Ne5+ Ke7 60. Nc6+ Kd7 61. Ne5+ 1/2-1/2

[Event "HUN-chT2 Charousek 0506"]
[Site "Hungary"]
[Date "2005.11.27"]
[Round "4"]
[White "Plecsko, Zoltan"]
[Black "Kosztolanczi, Gyula"]
[Result "1/2-1/2"]
[WhiteElo "2124"]
[BlackElo "2205"]
[PlyCount "39"]
[EventDate "2005.10.16"]
[EventType "team"]
[EventRounds "11"]
[EventCountry "HUN"]
[SourceTitle "EXT 2009"]
[Source "ChessBase"]
[SourceDate "2008.11.26"]
[SourceVersion "1"]
[SourceVersionDate "2008.11.26"]
[SourceQuality "1"]
[WhiteTeam "Csuti II"]
[BlackTeam "Tapolca"]
[WhiteTeamCountry "HUN"]
[BlackTeamCountry "HUN"]

1. e4 c5 2. c3 Nf6 3. e5 Nd5 4. d4 cxd4 5. Qxd4 e6 6. Nf3 Nc6 7. Qe4 f5 8. Qe2 Be7 9. g3 d6 10. Bg2 dxe5 11. Nxe5 Nxe5 12. Qxe5 0-0 13. 0-0 Bf6 14. Qe2 Qc7 15. Na3 Bd7 16. Rd1 Rae8 17. Qc4 Qxc4 18. Nxc4 Ba4 19. Re1 Bc6 20. Ne5 1/2-1/2